| 000 | 00451nam a2200169Ia 4500 | ||
|---|---|---|---|
| 008 | 230524s9999 xx 000 0 und d | ||
| 020 | _a8125907777 | ||
| 082 |
_a658.12 _bPAT |
||
| 100 | _aBhavesh M Patel | ||
| 245 | 0 | _a"Project Management: Strategic Financial Planning, Evaluation & Control" | |
| 250 | _aIST | ||
| 260 |
_aNEW DELHI _bVikas _c2009 |
||
| 300 | _aXIII;661 | ||
| 500 | _aQuantity Number: 10 | ||
| 650 | _aManagement | ||
| 942 | _cBK | ||
| 999 |
_c46458 _d46458 |
||